| 000 | 00670nam a2200205 u 4500 | ||
|---|---|---|---|
| 005 | 20210223130417.0 | ||
| 008 | 080313s2006 ea r 000 0 spa d | ||
| 020 | _a0736873244 (10 dígitos) | ||
| 020 | _a9780736873246 (13 dígitos) | ||
| 035 | _aUPN01000155065 | ||
| 049 | _aI | ||
| 050 | 4 |
_aQL83 _bC3.2 |
|
| 100 | 1 |
_aCatala, Ellen _936482 |
|
| 245 | 1 | 0 |
_aAnimales en peligro / _cpor Ellen Catala ; tr. Gloria Ramos. |
| 260 |
_aMinnesota [E.U.A.] : _bRed Brick Learning, _c2006. |
||
| 300 |
_a17 p. : _bil. |
||
| 440 | 0 |
_aLibros sombrilla amarilla. _pPara lectores principiantes |
|
| 650 | 4 |
_aESPECIES EN PELIGRO - _vLITERATURA INFANTIL _910823 |
|
| 905 | _aInfantil | ||
| 999 |
_c127181 _d127181 |
||